广岛末班列车 (Record no. 64404)

000 -LEADER
fixed length control field 00495nam a22001937a 4500
003 - CONTROL NUMBER IDENTIFIER
control field MPLRDC
005 - DATE AND TIME OF LATEST TRANSACTION
control field 20220104191800.0
008 - FIXED-LENGTH DATA ELEMENTS--GENERAL INFORMATION
fixed length control field 210129b ||||| |||| 00| 0 eng d
020 ## - INTERNATIONAL STANDARD BOOK NUMBER
International Standard Book Number 978-986-120-952-4
082 ## - DEWEY DECIMAL CLASSIFICATION NUMBER
Classification number 874.57 PEL
100 ## - MAIN ENTRY--PERSONAL NAME
Personal name CHARLES PELLEGRINO
245 ## - TITLE STATEMENT
Title 广岛末班列车
Statement of responsibility, etc. 廖素珊 译
250 ## - EDITION STATEMENT
Edition statement 初版
260 ## - PUBLICATION, DISTRIBUTION, ETC.
Place of publication, distribution, etc. 台湾
Name of publisher, distributor, etc. 商周出版
Date of publication, distribution, etc. 2011
300 ## - PHYSICAL DESCRIPTION
Other physical details
490 ## - SERIES STATEMENT
Series statement 漫游历史: 5
650 ## - SUBJECT ADDED ENTRY--TOPICAL TERM
Topical term or geographic name entry element 美国文学-长篇小说
942 ## - ADDED ENTRY ELEMENTS (KOHA)
Koha item type Book
-- 874.57 PEL
Holdings
Withdrawn status Lost status Source of classification or shelving scheme Damaged status Not for loan Collection code Home library Current library Shelving location Date acquired Cost, normal purchase price Total Checkouts Total Renewals Full call number Barcode Date last seen Date last checked out Price effective from Koha item type Public note
Withdrawn           Malaysian Public Library, Research and Development Centre Malaysian Public Library, Research and Development Centre   25/07/2012 54.30   1 874.57 PEL 00058547 18/03/2021 11/04/2014 18/03/2021 Book mplrdc

© 2022. Malaysian Public Library, Research and Development Centre. All Right ReservedE-mailmplrdc@help.edu.my 

Powered by Koha